Fr. Conceicao Rodrigues College of Engineering

Environmental governance in India:Issues and challenges (Record no. 23008)

MARC details
000 -LEADER
fixed length control field 00321nam a2200145Ia 4500
082 ## - DEWEY DECIMAL CLASSIFICATION NUMBER
Item number KAN
100 ## - MAIN ENTRY--PERSONAL NAME
Personal name Kandpal/Prakash chand
245 ## - TITLE STATEMENT
Title Environmental governance in India:Issues and challenges
260 ## - PUBLICATION, DISTRIBUTION, ETC.
Name of publisher, distributor, etc. sage
Date of publication, distribution, etc. 2018
366 ## - TRADE AVAILABILITY INFORMATION
Publishers's discount category 25
546 ## - LANGUAGE NOTE
Language note ENGLISH
650 ## - SUBJECT ADDED ENTRY--TOPICAL TERM
Topical term or geographic name entry element Environment
942 ## - ADDED ENTRY ELEMENTS (KOHA)
Koha item type BOOK
Holdings
Withdrawn status Lost status Damaged status Not for loan Collection Home library Current library Date acquired Source of acquisition Cost, normal purchase price Inventory number Total Checkouts Full call number Barcode Date last seen Cost, replacement price Price effective from Koha item type
        CRC Fr. Agnel's C.Rodrigues College of Engineering Fr. Agnel's C.Rodrigues College of Engineering 17/03/2023 Allied Publishers 262.50 778 dt 15.03.2019   KAN 25581 17/03/2023 350.00   BOOK